[Event "Mar de Ajo op 5th"]
[Site "Mar de Ajo"]
[Date "2023.11.10"]
[Round "1"]
[White "Nascimbene, Ramiro"]
[Black "Perez Ponsa, Federico"]
[Result "0-1"]
[WhiteElo "1790"]
[BlackElo "2524"]
[PlyCount "70"]
[EventDate "2023.11.10"]
[EventType "swiss"]
[EventRounds "6"]
[EventCountry "ARG"]
[SourceTitle "CB46_2023"]
[SourceDate "2023.11.15"]
[SourceVersion "1"]
[SourceVersionDate "2023.11.15"]
[SourceQuality "1"]

1. e4 c5 2. Nf3 d6 3. Bb5+ Nd7 4. a4 Ngf6 5. Nc3 g6 6. 0-0 Bg7 7. a5 0-0 8. Re1 a6 9. Bf1 b5 10. axb6 Bb7 11. e5 Bxf3 12. Qxf3 Nxe5 13. Rxe5 dxe5 14. b7 Rb8 15. Bxa6 Qb6 16. d3 e6 17. Nb5 Nd5 18. c3 Rfd8 19. g3 Rd7 20. Be3 Nxe3 21. Qxe3 Rbd8 22. b4 Bf8 23. Qxe5 cxb4 24. d4 bxc3 25. Nxc3 Bg7 26. Qb5 Bxd4 27. Qxb6 Bxb6 28. Rb1 Ba7 29. Kg2 Rd2 30. Ne4 Ra2 31. Rc1 Kg7 32. Rc8 Rd4 33. Ra8 Rxe4 34. Bb5 Rxf2+ 35. Kh3 g5 0-1

[Event "ARG-ch 98th"]
[Site "Buenos Aires"]
[Date "2023.11.06"]
[Round "10"]
[White "Acosta, Pablo Ismael"]
[Black "Perez Ponsa, Federico"]
[Result "1/2-1/2"]
[WhiteElo "2482"]
[BlackElo "2527"]
[PlyCount "123"]
[EventDate "2023.10.28"]
[EventType "tourn"]
[EventRounds "11"]
[EventCountry "ARG"]
[EventCategory "7"]
[SourceTitle "CB46_2023"]
[SourceDate "2023.11.15"]
[SourceVersion "1"]
[SourceVersionDate "2023.11.15"]
[SourceQuality "1"]

1. d4 Nf6 2. Nf3 d5 3. c4 e6 4. Nc3 dxc4 5. Qa4+ Nc6 6. Bg5 Bb4 7. e4 Bd7 8. Qd1 h6 9. Bxf6 Qxf6 10. Bxc4 0-0 11. 0-0 Rfd8 12. e5 Qe7 13. Ne2 Be8 14. Qc2 Na5 15. Bd3 Qd7 16. Rac1 Rac8 17. a3 Bf8 18. Nf4 c5 19. d5 Qa4 20. Qxa4 Bxa4 21. dxe6 fxe6 22. Be4 Kf7 23. h4 Bc6 24. Bg6+ Ke7 25. Rxc5 Nb3 26. Rc3 Nd2 27. Nxd2 Rxd2 28. Bh5 Rd4 29. g3 g5 30. hxg5 hxg5 31. Ng6+ Kd7 32. Nxf8+ Rxf8 33. Rd1 Rxd1+ 34. Bxd1 Ke7 35. Rd3 Rf5 36. Re3 Rf8 37. Bc2 Rd8 38. Be4 Bxe4 39. Rxe4 Rd5 40. Kg2 Kf7 41. Kf3 b5 42. Re2 Rc5 43. Ke4 Rc4+ 44. Kd3 Kg6 45. Re4 Rc5 46. g4 Rd5+ 47. Ke2 a5 48. Kf3 Rd2 49. Re2 Rd4 50. Rc2 b4 51. Rc7 bxa3 52. bxa3 Rf4+ 53. Kg3 Re4 54. Rc5 Ra4 55. Rc3 Re4 56. Re3 Rxe3+ 57. fxe3 Kf7 58. Kf3 Ke7 59. Ke4 Kd7 60. Kd4 Kc6 61. Kc4 Kb6 62. a4 1/2-1/2

[Event "ARG-ch 98th"]
[Site "Buenos Aires"]
[Date "2023.11.05"]
[Round "9"]
[White "Gomez, Carlos David"]
[Black "Perez Ponsa, Federico"]
[Result "0-1"]
[WhiteElo "2331"]
[BlackElo "2527"]
[PlyCount "118"]
[EventDate "2023.10.28"]
[EventType "tourn"]
[EventRounds "11"]
[EventCountry "ARG"]
[EventCategory "7"]
[SourceTitle "CB46_2023"]
[SourceDate "2023.11.15"]
[SourceVersion "1"]
[SourceVersionDate "2023.11.15"]
[SourceQuality "1"]

1. c4 e6 2. Nf3 d5 3. e3 Nf6 4. b3 Bd6 5. Bb2 Nbd7 6. Nc3 0-0 7. d4 c6 8. Bd3 e5 9. cxd5 cxd5 10. dxe5 Nxe5 11. Nxe5 Bxe5 12. Qc2 Be6 13. Ne2 Rc8 14. Qd2 Bb8 15. 0-0 Ne4 16. Qb4 Nc5 17. Bb1 Qg5 18. f4 Qh6 19. Ng3 f5 20. Ne2 Bd6 21. Rf3 Rf7 22. Rh3 Qg6 23. Qe1 Bd7 24. Qd1 Re8 25. Bc2 Be7 26. b4 Ne4 27. Bb3 Be6 28. Nd4 Rd8 29. Nf3 Bf6 30. Ne5 Bxe5 31. Bxe5 d4 32. exd4 Bxb3 33. Qxb3 Rc8 34. Rd3 h6 35. a4 Kh7 36. a5 Rd7 37. d5 Qh5 38. Qd1 Qf7 39. Qb3 Qh5 40. Re1 Qh4 41. g3 Qh5 42. d6 a6 43. Qa2 Qg6 44. Kh1 Qh5 45. Qe2 Qh3 46. Re3 h5 47. Rg1 Qg4 48. Qg2 Nxd6 49. Rd3 Rcd8 50. h3 Qg6 51. Rgd1 Qe6 52. Qe2 Ne4 53. Rxd7 Nxg3+ 54. Kh2 Rxd7 55. Qc2 h4 56. Rxd7 Qxd7 57. Kg2 Ne4 58. Kf3 Qb5 59. Qc7 Qd3+ 0-1

[Event "ARG-ch 98th"]
[Site "Buenos Aires"]
[Date "2023.11.03"]
[Round "7"]
[White "Miranda, Rafael"]
[Black "Perez Ponsa, Federico"]
[Result "0-1"]
[WhiteElo "2343"]
[BlackElo "2527"]
[PlyCount "76"]
[EventDate "2023.10.28"]
[EventType "tourn"]
[EventRounds "11"]
[EventCountry "ARG"]
[EventCategory "7"]
[SourceTitle "CB46_2023"]
[SourceDate "2023.11.15"]
[SourceVersion "1"]
[SourceVersionDate "2023.11.15"]
[SourceQuality "1"]

1. e4 c5 2. Nf3 d6 3. d4 cxd4 4. Nxd4 Nf6 5. Nc3 a6 6. Be3 Ng4 7. Bc1 Nc6 8. h3 Nf6 9. g4 g6 10. Be3 Nxd4 11. Bxd4 Bh6 12. Nd5 0-0 13. Nxf6+ exf6 14. Qf3 f5 15. gxf5 d5 16. e5 Bxf5 17. Bd3 Qh4 18. c3 Bxd3 19. Qxd3 Bf4 20. Kf1 Rfe8 21. Re1 Qh5 22. Qe2 Qxe2+ 23. Rxe2 Re6 24. Re1 Rae8 25. Rd1 Bxe5 26. Bxe5 Rxe5 27. Rd2 Re1+ 28. Kg2 R8e2 29. b4 Rxd2 30. Rxe1 Kf8 31. a4 Rd3 32. Re5 Rxc3 33. Rxd5 Rc4 34. b5 Rxa4 35. Rd8+ Kg7 36. Rb8 axb5 37. Rxb7 Rb4 38. Kg3 g5 0-1

[Event "ARG-ch 98th"]
[Site "Buenos Aires"]
[Date "2023.10.31"]
[Round "4"]
[White "Perez Ponsa, Federico"]
[Black "Peralta, Fernando"]
[Result "1/2-1/2"]
[WhiteElo "2527"]
[BlackElo "2580"]
[PlyCount "80"]
[EventDate "2023.10.28"]
[EventType "tourn"]
[EventRounds "11"]
[EventCountry "ARG"]
[EventCategory "7"]
[SourceTitle "CB46_2023"]
[SourceDate "2023.11.15"]
[SourceVersion "1"]
[SourceVersionDate "2023.11.15"]
[SourceQuality "1"]

1. d4 Nf6 2. c4 e6 3. Nf3 b6 4. g3 Bb7 5. Bg2 Bb4+ 6. Bd2 Bxd2+ 7. Qxd2 0-0 8. 0-0 d6 9. Nc3 Ne4 10. Nxe4 Bxe4 11. Qe3 Bb7 12. Qd3 f5 13. Qe3 Re8 14. c5 Nd7 15. b4 Bd5 16. Rfc1 a5 17. cxd6 cxd6 18. b5 Nf6 19. a4 Qd7 20. Nd2 Rac8 21. Qa3 Ne4 22. Nxe4 Bxe4 23. Bxe4 fxe4 24. Ra2 Rc7 25. Rxc7 Qxc7 26. Qb3 Qc1+ 27. Kg2 d5 28. Rc2 Qd1 29. Qc3 h6 30. Qc6 Kf7 31. Qc7+ Kg6 32. Qd7 Qxc2 33. Qxe8+ Kh7 34. Qxe6 Qxe2 35. Qf5+ Kh8 36. Kh3 g5 37. Qg6 Qf1+ 38. Kg4 Qe2+ 39. Kh3 Qf1+ 40. Kg4 Qe2+ 1/2-1/2

[Event "ARG-ch 98th"]
[Site "Buenos Aires"]
[Date "2023.10.30"]
[Round "3"]
[White "Tristan, Leonardo"]
[Black "Perez Ponsa, Federico"]
[Result "1/2-1/2"]
[WhiteElo "2523"]
[BlackElo "2527"]
[PlyCount "51"]
[EventDate "2023.10.28"]
[EventType "tourn"]
[EventRounds "11"]
[EventCountry "ARG"]
[EventCategory "7"]
[SourceTitle "CB46_2023"]
[SourceDate "2023.11.15"]
[SourceVersion "1"]
[SourceVersionDate "2023.11.15"]
[SourceQuality "1"]

1. d4 Nf6 2. Nf3 d5 3. c3 e6 4. Bf4 c5 5. e3 Bd6 6. Bb5+ Nc6 7. Bxc6+ bxc6 8. Bxd6 Qxd6 9. Qa4 0-0 10. 0-0 cxd4 11. cxd4 c5 12. Rc1 cxd4 13. Qxd4 Bd7 14. Nbd2 Rfb8 15. Rc5 Qb6 16. Rac1 Be8 17. b3 a5 18. a3 h6 19. Ne5 Qa6 20. Rc7 Rc8 21. h3 Rxc7 22. Rxc7 Qd6 23. Rc5 Qa6 24. Rc7 Qd6 25. Rc5 Qa6 26. Rc7 1/2-1/2

[Event "AI Cup Play In"]
[Site "Chess.com INT"]
[Date "2023.09.18"]
[Round "6"]
[White "Perez Ponsa, Federico"]
[Black "Warmerdam, Max"]
[Result "0-1"]
[WhiteElo "2527"]
[BlackElo "2645"]
[PlyCount "86"]
[EventDate "2023.09.18"]
[EventType "swiss (rapid)"]
[EventRounds "9"]
[EventCountry "USA"]
[SourceTitle "EXT 2024"]
[Source "ChessBase"]
[SourceDate "2023.10.10"]
[SourceVersion "1"]
[SourceVersionDate "2023.10.10"]
[SourceQuality "1"]

1. e4 c5 2. Nf3 d6 3. d4 cxd4 4. Nxd4 Nf6 5. Nc3 Nc6 6. Bg5 e6 7. Bb5 Bd7 8. Qd3 Qb6 9. 0-0-0 Nxd4 10. Bxd7+ Nxd7 11. Qxd4 Qxd4 12. Rxd4 a6 13. Rhd1 Rc8 14. Bh4 h5 15. f3 Ne5 16. Bg3 b5 17. a4 h4 18. Bxe5 dxe5 19. Rd7 b4 20. Ne2 h3 21. g3 Bc5 22. Kb1 0-0 23. Ng1 Bxg1 24. Rxg1 f5 25. Rd2 fxe4 26. fxe4 Rf3 27. Re1 Kf7 28. Ree2 Ke7 29. Ka2 g5 30. Re1 Rxc2 31. Rxc2 b3+ 32. Kb1 bxc2+ 33. Kxc2 Rf2+ 34. Kc3 Rxh2 35. b4 Rg2 36. b5 axb5 37. axb5 h2 38. b6 Rxg3+ 39. Kc2 Rg2+ 40. Kc3 Rg1 41. b7 Rxe1 42. b8Q Rc1+ 43. Kd2 h1Q 0-1

[Event "Titled Tuesday intern op 29th Aug Early"]
[Site "Chess.com INT"]
[Date "2023.08.29"]
[Round "3"]
[White "Perez Ponsa, Federico"]
[Black "Demin, Vladimir"]
[Result "1-0"]
[WhiteElo "2527"]
[BlackElo "2430"]
[PlyCount "61"]
[EventDate "2023.08.29"]
[EventType "swiss (blitz)"]
[EventRounds "11"]
[EventCountry "USA"]
[SourceTitle "EXT 2024"]
[Source "ChessBase"]
[SourceDate "2023.10.10"]
[SourceVersion "1"]
[SourceVersionDate "2023.10.10"]
[SourceQuality "1"]

1. e4 e5 2. Nf3 Nc6 3. d4 exd4 4. Nxd4 Nf6 5. Nxc6 bxc6 6. Bd3 d5 7. exd5 cxd5 8. 0-0 Be7 9. c4 d4 10. Nd2 0-0 11. Ne4 Bb7 12. Nxf6+ Bxf6 13. b4 Re8 14. Bf4 a5 15. b5 Qe7 16. Re1 Qc5 17. Qg4 g6 18. Qd7 Rxe1+ 19. Rxe1 Qb4 20. Rd1 Qa4 21. Rd2 Qa3 22. Qxc7 Be4 23. Bf1 Qc3 24. b6 Qb4 25. c5 g5 26. c6 gxf4 27. b7 Re8 28. Re2 Be5 29. Qd7 Bxc6 30. Qxc6 f6 31. Qxe8+ 1-0